| 000 | 00630nam a22002177a 4500 | ||
|---|---|---|---|
| 999 |
_c20889 _d20889 |
||
| 003 | OSt | ||
| 005 | 20210330111823.0 | ||
| 008 | 170118b xxu||||| |||| 00| 0 eng d | ||
| 020 | _a0205161766 | ||
| 040 |
_aMMU _beng _cMMU _dMMU |
||
| 050 | _a HD58.7.B37 1995 | ||
| 100 | _aGreenberg Jerald | ||
| 245 |
_aBehavior in organizations understanding &managing the human side of work: _cJerald Greenberg. |
||
| 250 | _a5th ed. | ||
| 260 |
_aNew Jersey: _bPrentice Hall, _c1995. |
||
| 300 |
_axvi,704 p. : _bill. ; |
||
| 500 | _aincludes index | ||
| 650 | _abehavior | ||
| 700 | _aRobert A.Baron | ||
| 942 |
_2lcc _cLOAN LOAN _e5th ed. |
||